[Event "BEL-ch U14"]
[Site "Blankenberge"]
[Date "2017.04.09"]
[Round "1"]
[White "Van Bladel, Robin"]
[Black "De Cocq, Ramin"]
[Result "1-0"]
[WhiteElo "1235"]
[BlackElo "1684"]
[PlyCount "85"]
[EventDate "2017.04.09"]
[EventType "swiss"]
[EventRounds "9"]
[EventCountry "BEL"]
[SourceTitle "CBM 178 Extra"]
[Source "ChessBase"]
[SourceDate "2017.06.22"]
[SourceVersion "1"]
[SourceVersionDate "2017.06.22"]
[SourceQuality "1"]

1. e4 e6 2. d4 d5 3. Nc3 Bb4 4. Qf3 dxe4 5. Qxe4 Nf6 6. Qd3 Nc6 7. Nf3 0-0 8. Be2 h6 9. 0-0 Qe7 10. Ne4 Rd8 11. c3 Bd6 12. h3 b6 13. Be3 Bb7 14. Nfd2 a5 15. Qc2 e5 16. Nxf6+ Qxf6 17. d5 Ne7 18. Ne4 Qg6 19. c4 f5 20. Nxd6 Rxd6 21. Rad1 f4 22. Qxg6 Nxg6 23. Bc1 Rad8 24. Bf3 c6 25. Rd2 cxd5 26. Rfd1 Ne7 27. b3 R6d7 28. Ba3 d4 29. Bxb7 Rxb7 30. f3 Nf5 31. Kf2 Ne3 32. Re1 Rc7 33. Bc1 g5 34. Rd3 a4 35. Bxe3 dxe3+ 36. Ke2 Rxd3 37. Kxd3 axb3 38. axb3 Rd7+ 39. Ke2 Rd2+ 40. Kf1 Kf7 41. Ra1 Rb2 42. Ra3 Ke6 43. Ra6 1-0